LOU - LENNI KIM - Ce mur qui nous sépare - Paroles - Statistiques

Statistiques générales
  • Ce quiz a été pris 94 fois
  • Le résultat moyen est 291 sur 367
Statistiques - réponses
Réponse % Correct
ce
96%
se
96%
à
94%
je
94%
Je
94%
nous
94%
Nous
94%
qui
94%
mur
91%
de
89%
Elle
89%
elle
89%
la
89%
ma
89%
me
89%
moi
89%
pour
89%
Pour
89%
sépare
89%
coeur
87%
est
87%
et
87%
le
87%
un
87%
Un
87%
veux
87%
c'est
85%
C'est
85%
en
85%
j'ai
85%
Mais
85%
mais
85%
ne
85%
bat
83%
court
83%
debout
83%
derrière
83%
jeu
83%
juste
83%
les
83%
parle
83%
plus
83%
Quand
83%
quand
83%
que
83%
rouge
83%
sa
83%
suis
83%
Toi
83%
toi
83%
amour
81%
au
81%
bas
81%
dans
81%
deviens
81%
drôle
81%
du
81%
faire
81%
pas
81%
pense
81%
sens
81%
sentiment
81%
soir
81%
son
81%
souffle
81%
tout
81%
chose
79%
comme
79%
crois
79%
l'envers
79%
M'éloigner
79%
pourtant
79%
Pourtant
79%
seule
79%
si
79%
sourire
79%
sourit
79%
vois
79%
yeux
79%
coccinelle
77%
comprendre
77%
il
77%
lorsque
77%
masques
77%
patient
77%
une
77%
vie
77%
amoureux
74%
jour
74%
lumière
74%
mon
74%
notre
74%
nuit
74%
part
74%
tomber
74%
tu
74%
voir
74%
bras
72%
car
72%
peux
72%
pouvions
72%
au-delà
70%
comprends
70%
être
70%
magique
70%
miroir
70%
nos
70%
on
70%
70%
sais
70%
bonheur
68%
détourne
68%
infidèle
68%
moment
68%
mystérieux
68%
pourquoi
68%
pouvoir
68%
sentiments
68%
tire
68%
tourbillon
68%
unique
68%
vient
68%
brille
66%
brisons
66%
d'où
66%
duel
66%
faut
66%
l'infini
66%
lui
66%
rien
66%
tous
66%
vent
66%
chance
64%
deux
64%
t'aime
64%
traversant
64%
verras
64%
crier
62%
découvriras
62%
d'être
62%
deviendras
62%
dire
62%
folie
62%
ressens
62%
réunis
62%
s'envolera
62%
sera
62%
serons
62%
soleil
62%
sur
62%
toits
62%
ailleurs
60%
chaleur
60%
dois
60%
n'ose
60%
oui
60%
porte
60%
tend
60%
emporte
57%
firmament
57%
fort
57%
qu'un
57%
viendra
57%
fuir
55%
grand
55%
n'est
55%
qu'auprès
55%
t'aimerais
55%
patienterais
53%
toute
53%
Malgré
51%
serrera
51%
tournoiement
51%
âme
49%
traverse
49%
force
47%
frisson
47%
sommes
47%
ensemble
45%
lorsqu'on
45%
rare
45%
l'amour
40%
Aucun quiz correspondant
Distribution des résultats
% des personnes avec chaque résultat
Percentile par nombre de réponses
Votre historique - résultats
Vous n’avez pas pris ce quiz